| 000 | 004880000a22001690004500 | ||
|---|---|---|---|
| 003 | MACL | ||
| 005 | 20160112153026.0 | ||
| 008 | 160112b xxu||||| |||| 00| 0 eng d | ||
| 040 |
_aMACL _cMACL |
||
| 041 | _aEnglish | ||
| 082 | _a920/WAL | ||
| 100 |
_aWaliszewski, K _931475 |
||
| 245 |
_aMarysienka _bMarie De La Grange Darquien Queen of Poland and wife of Sobieski 1641-1716 |
||
| 260 |
_bWilliam Heinemann Ltd _c1898 _aLondon |
||
| 650 |
_aBiography _931476 |
||
| 942 |
_cBK _k920/WAL _2ddc |
||
| 999 |
_c38110 _d38110 |
||